[Event "Roncana op-B 10th"]
[Site "Santa Eulalia de Roncana"]
[Date "2016.10.01"]
[Round "2"]
[White "Cutura Sole, Alexandre"]
[Black "Perez Ronquillo, Santi"]
[Result "0-1"]
[WhiteElo "1650"]
[BlackElo "1222"]
[PlyCount "74"]
[EventDate "2016.09.24"]
[EventType "swiss"]
[EventRounds "8"]
[EventCountry "ESP"]
[SourceTitle "EXT 2018"]
[Source "ChessBase"]
[SourceDate "2017.10.13"]
[SourceVersion "1"]
[SourceVersionDate "2017.10.13"]
[SourceQuality "1"]

1. c4 Nf6 2. Nc3 g6 3. g3 Bg7 4. Bg2 d6 5. d3 0-0 6. e4 e5 7. Nge2 c5 8. 0-0 Nc6 9. f4 Bg4 10. Be3 Nd4 11. Qd2 Re8 12. fxe5 dxe5 13. Bg5 a6 14. Rf2 Qd6 15. Raf1 Re6 16. Nxd4 exd4 17. Nd5 Nd7 18. Rxf7 Rf8 19. Be7 Rxe7 20. Nxe7+ Kh8 21. Qf4 Qe6 22. Rxf8+ Bxf8 23. Nd5 Kg7 24. Bf3 Bxf3 25. Qxf3 Nb8 26. Qf6+ Qxf6 27. Rxf6 Nd7 28. Rf2 Ne5 29. Nf4 Bd6 30. Kg2 h5 31. Rd2 Be7 32. Rd1 Ng4 33. Kg1 Ne3 34. Rd2 Ng4 35. Kg2 Ne3+ 36. Kh3 g5 37. Nd5 g4# 0-1

[Event "Roncana op-B 10th"]
[Site "Santa Eulalia de Roncana"]
[Date "2016.09.24"]
[Round "1"]
[White "Perez Ronquillo, Santi"]
[Black "Ribas Baraldes, Arnau"]
[Result "1/2-1/2"]
[WhiteElo "1222"]
[BlackElo "1637"]
[PlyCount "41"]
[EventDate "2016.09.24"]
[EventType "swiss"]
[EventRounds "8"]
[EventCountry "ESP"]
[SourceTitle "EXT 2018"]
[Source "ChessBase"]
[SourceDate "2017.10.13"]
[SourceVersion "1"]
[SourceVersionDate "2017.10.13"]
[SourceQuality "1"]

1. e4 e6 2. d3 d5 3. Nd2 c5 4. g3 Nc6 5. Bg2 Nf6 6. Ngf3 Be7 7. 0-0 0-0 8. Re1 Qc7 9. e5 Nd7 10. h4 Ndxe5 11. Nxe5 Nxe5 12. Nf3 Nxf3+ 13. Qxf3 Bd7 14. Bf4 Qb6 15. b3 Bc6 16. Be5 f6 17. Bf4 d4 18. Qe2 e5 19. Bd2 Bxg2 20. Kxg2 Qc6+ 21. Kh2 1/2-1/2

[Event "Vall del Tenes op 5th"]
[Site "Vall del Tenes"]
[Date "2016.06.03"]
[Round "7"]
[White "Perez Ronquillo, Santi"]
[Black "Barcons Gallach, Salvador"]
[Result "0-1"]
[WhiteElo "1617"]
[BlackElo "1715"]
[PlyCount "64"]
[EventDate "2016.04.08"]
[EventType "swiss"]
[EventRounds "8"]
[EventCountry "ESP"]
[SourceTitle "CBM 172 Extra"]
[Source "ChessBase"]
[SourceDate "2016.06.21"]
[SourceVersion "1"]
[SourceVersionDate "2016.06.21"]
[SourceQuality "1"]

1. d4 d5 2. Nf3 Nc6 3. c3 Bg4 4. e3 Bxf3 5. Qxf3 e5 6. Bb5 e4 7. Bxc6+ bxc6 8. Qe2 a6 9. Nd2 c5 10. 0-0 cxd4 11. cxd4 Bd6 12. f4 c5 13. dxc5 Bxc5 14. Nb3 Qb6 15. Nxc5 Qxc5 16. b3 Ne7 17. Bd2 Nf5 18. Rac1 Qb6 19. Rfe1 0-0 20. Qg4 g6 21. Kh1 Rac8 22. h4 h5 23. Qd1 Nxh4 24. Bc3 Nf5 25. Bd4 Qd8 26. g3 Nxg3+ 27. Kg2 Nf5 28. Rh1 Qd6 29. Rxc8 Rxc8 30. Rxh5 Nxd4 31. Rg5 Nf5 32. Qg4 Nxe3+ 0-1

[Event "Vall del Tenes op 5th"]
[Site "Vall del Tenes"]
[Date "2016.05.13"]
[Round "6"]
[White "Viaplana Puigdomenech, Santi"]
[Black "Perez Ronquillo, Santi"]
[Result "1-0"]
[WhiteElo "1562"]
[BlackElo "1617"]
[PlyCount "85"]
[EventDate "2016.04.08"]
[EventType "swiss"]
[EventRounds "8"]
[EventCountry "ESP"]
[SourceTitle "CBM 172 Extra"]
[Source "ChessBase"]
[SourceDate "2016.06.21"]
[SourceVersion "1"]
[SourceVersionDate "2016.06.21"]
[SourceQuality "1"]

1. d4 d5 2. Nf3 Nf6 3. e3 Bf5 4. Bd3 Bxd3 5. cxd3 c6 6. 0-0 e6 7. Nc3 Bd6 8. e4 dxe4 9. dxe4 Be7 10. Qb3 Qc7 11. Bg5 h6 12. Bxf6 gxf6 13. Rac1 Nd7 14. Rfe1 0-0-0 15. Nb5 Qb6 16. Qa4 Kb8 17. Nc3 h5 18. Qc2 Nf8 19. Na4 Qc7 20. Qe2 Ng6 21. g3 h4 22. e5 Rdg8 23. Kh1 hxg3 24. fxg3 f5 25. Rg1 f4 26. g4 Qa5 27. Nc3 Qd8 28. g5 Nf8 29. Ne4 Ng6 30. Nf6 Rg7 31. Rg2 Bxf6 32. exf6 Rgh7 33. Rc2 Nh4 34. Qe5+ Qc7 35. Qxc7+ Kxc7 36. Nxh4 Rxh4 37. Rcf2 Kd6 38. g6 fxg6 39. Rxg6 R4h6 40. Rxh6 Rxh6 41. Rxf4 Rh5 42. f7 Ke7 43. f8Q+ 1-0

[Event "Roncana op-B 9th"]
[Site "Santa Eulalia de Roncana"]
[Date "2015.11.07"]
[Round "5"]
[White "Perez Ronquillo, Santi"]
[Black "De Lomas Busquets, Biel"]
[Result "1-0"]
[WhiteElo "1631"]
[BlackElo "1738"]
[PlyCount "38"]
[EventDate "2015.10.03"]
[EventType "swiss"]
[EventRounds "8"]
[EventCountry "ESP"]
[SourceTitle "EXT 2017"]
[Source "ChessBase"]
[SourceDate "2016.10.25"]
[SourceVersion "1"]
[SourceVersionDate "2016.10.25"]
[SourceQuality "1"]

1. d4 d5 2. Nf3 Nc6 3. e3 Bg4 4. Bd3 Nf6 5. Nbd2 e6 6. c3 Bd6 7. 0-0 0-0 8. Re1 Re8 9. e4 dxe4 10. Nxe4 e5 11. Bg5 exd4 12. Bxf6 gxf6 13. h3 Bh5 14. g4 Bg6 15. cxd4 h5 16. g5 Bxe4 17. Rxe4 Rxe4 18. Bxe4 Qe7 19. Qc2 Re8 1-0

[Event "Vall del Tenes op 4th"]
[Site "Santa Eulalia de Roncana"]
[Date "2015.06.05"]
[Round "8"]
[White "Senties Capdevila, Armand"]
[Black "Perez Ronquillo, Santi"]
[Result "1-0"]
[WhiteElo "1712"]
[BlackElo "1653"]
[PlyCount "63"]
[EventDate "2015.04.10"]
[EventType "swiss"]
[EventRounds "8"]
[EventCountry "ESP"]
[SourceTitle "EXT 2016"]
[Source "ChessBase"]
[SourceDate "2015.10.08"]
[SourceVersion "1"]
[SourceVersionDate "2015.10.08"]
[SourceQuality "1"]

1. d4 Nf6 2. e3 e6 3. Nf3 d5 4. Ne5 Nbd7 5. g4 Nxe5 6. dxe5 Nd7 7. Qd4 Bc5 8. Qf4 b6 9. b4 Be7 10. a3 Bb7 11. Rg1 0-0 12. g5 g6 13. Bd3 c5 14. Bb2 c4 15. Be2 Rc8 16. c3 Qc7 17. Nd2 Nxe5 18. Qd4 Bd6 19. h4 Nc6 20. Qg4 Ne5 21. Qd4 f5 22. Nf1 Ba6 23. h5 gxh5 24. g6 hxg6 25. f4 Nd3+ 26. Bxd3 cxd3 27. Rxg6+ Kh7 28. Rg5 Rg8 29. Rxh5+ Kg6 30. Rg5+ Kh6 31. Qf6+ Kh7 32. Rh5# 1-0

[Event "Vall del Tenes op 4th"]
[Site "Santa Eulalia de Roncana"]
[Date "2015.04.17"]
[Round "2"]
[White "Perez Ronquillo, Santi"]
[Black "Rodriguez Saez, Joan Pere"]
[Result "1-0"]
[WhiteElo "1653"]
[BlackElo "1736"]
[PlyCount "90"]
[EventDate "2015.04.10"]
[EventType "swiss"]
[EventRounds "8"]
[EventCountry "ESP"]
[SourceTitle "CBM 166 Extra"]
[Source "ChessBase"]
[SourceDate "2015.06.18"]
[SourceVersion "1"]
[SourceVersionDate "2015.06.18"]
[SourceQuality "1"]

1. d4 d5 2. Nf3 Bf5 3. e3 Nf6 4. Nbd2 e6 5. g3 Nbd7 6. Bg2 Bd6 7. Qe2 c6 8. c4 0-0 9. 0-0 Bg4 10. b3 Ne4 11. Qd3 Bf5 12. Nb1 Nxg3 13. Qd2 Nxf1 14. Bxf1 Qf6 15. Bg2 Qg6 16. Nh4 Qg5 17. Nxf5 Qxf5 18. Ba3 Bxa3 19. Nxa3 e5 20. cxd5 exd4 21. Qxd4 cxd5 22. Bxd5 Qg5+ 23. Kf1 Rab8 24. Be4 Qe5 25. Rd1 Rfd8 26. Qd3 h6 27. Bf3 Qe7 28. Nb5 Ne5 29. Qe2 Rxd1+ 30. Qxd1 Nxf3 31. Qxf3 Qc5 32. Nd4 Rd8 33. Qxb7 Qb6 34. Qe4 Qa6+ 35. Kg2 Kf8 36. Nf5 Qg6+ 37. Kf3 Qh5+ 38. Kg3 Qg5+ 39. Kf3 Re8 40. Qb4+ Kg8 41. Qg4 Qxg4+ 42. Kxg4 Rc8 43. Ne7+ Kf8 44. Nxc8 Ke8 45. Nxa7 Ke7 1-0

[Event "Roncana op-B 8th"]
[Site "Santa Eulalia de Roncana"]
[Date "2014.10.11"]
[Round "1"]
[White "Perez Ronquillo, Santi"]
[Black "Nateras Jimenez, Alfonso"]
[Result "0-1"]
[WhiteElo "1713"]
[BlackElo "1841"]
[PlyCount "80"]
[EventDate "2014.10.11"]
[EventType "swiss"]
[EventRounds "8"]
[EventCountry "ESP"]
[SourceTitle "EXT 2016"]
[Source "ChessBase"]
[SourceDate "2015.10.08"]
[SourceVersion "1"]
[SourceVersionDate "2015.10.08"]
[SourceQuality "1"]

1. e4 e5 2. Nf3 Nc6 3. d4 exd4 4. Nxd4 Qf6 5. Be3 Bc5 6. Nxc6 Bxe3 7. fxe3 Qh4+ 8. g3 Qxe4 9. Rg1 Qxc6 10. Bg2 Qb6 11. Qd4 Qh6 12. Qe4+ Ne7 13. Qf4 Qxh2 14. Rf1 0-0 15. Qf2 Qh6 16. Nc3 d6 17. 0-0-0 Be6 18. Rh1 Qg5 19. Qf4 Qa5 20. a3 Ng6 21. Qb4 Qxb4 22. axb4 c6 23. Rxd6 Ne5 24. Be4 g6 25. b3 Ng4 26. Nd1 Rad8 27. Rxd8 Rxd8 28. Bd3 Nf6 29. Nf2 Nd5 30. c3 Nxc3 31. Kc2 Nd5 32. Ne4 Nxb4+ 33. Kc3 a5 34. Nc5 b6 35. Nxe6 Rxd3+ 36. Kc4 fxe6 37. Re1 b5+ 38. Kc5 Rxb3 39. Kd6 e5 40. Kxe5 Nd3+ 0-1

[Event "Moia op 3rd"]
[Site "Moia"]
[Date "2014.10.03"]
[Round "3"]
[White "Rius Planas, Josep"]
[Black "Perez Ronquillo, Santi"]
[Result "0-1"]
[WhiteElo "1700"]
[BlackElo "1711"]
[PlyCount "66"]
[EventDate "2014.09.19"]
[EventType "swiss"]
[EventRounds "8"]
[EventCountry "ESP"]
[SourceTitle "EXT 2016"]
[Source "ChessBase"]
[SourceDate "2015.10.08"]
[SourceVersion "1"]
[SourceVersionDate "2015.10.08"]
[SourceQuality "1"]

1. e4 c6 2. Bc4 d5 3. exd5 cxd5 4. Bb3 Nf6 5. d4 Nc6 6. c3 Bf5 7. f3 e6 8. Bg5 Be7 9. Ba4 0-0 10. Ne2 Qb6 11. b3 Qc7 12. Bf4 Bd6 13. Bxd6 Qxd6 14. Qd2 Rab8 15. Bxc6 bxc6 16. Qf4 Qxf4 17. Nxf4 Rfe8 18. 0-0 e5 19. Ne2 Bd3 20. Re1 exd4 21. Kf2 Re5 22. cxd4 Re6 23. Nbc3 Rbe8 24. Nf4 R6e7 25. Rxe7 Rxe7 26. Nxd3 g5 27. g4 h5 28. h3 Kg7 29. Ne5 c5 30. Nc6 Rc7 31. Ne5 cxd4 32. Nb5 Rc2+ 33. Kg3 h4# 0-1

[Event "Vall del Tenes op 3rd"]
[Site "Santa Eulalia de Roncana"]
[Date "2014.05.23"]
[Round "5"]
[White "Perez Ronquillo, Santi"]
[Black "Genis Traveria, Ferran"]
[Result "1-0"]
[WhiteElo "1700"]
[BlackElo "1700"]
[PlyCount "75"]
[EventDate "2014.04.25"]
[EventType "swiss"]
[EventRounds "8"]
[EventCountry "ESP"]
[SourceTitle "CBM 160 Extra"]
[Source "ChessBase"]
[SourceDate "2014.07.01"]
[SourceVersion "1"]
[SourceVersionDate "2014.07.01"]
[SourceQuality "1"]

1. e4 e5 2. Nf3 Nf6 3. Nxe5 d6 4. Nf3 Nxe4 5. d4 d5 6. Nc3 Be7 7. Bd3 Ng5 8. Qe2 Ne6 9. 0-0 Nc6 10. Bb5 Qd6 11. Bxc6+ bxc6 12. Ng5 Nf4 13. Bxf4 Qxf4 14. Nf3 Bg4 15. Rfe1 0-0 16. Qe5 Bd6 17. Qxf4 Bxf4 18. Ne5 Rae8 19. Nxg4 Rxe1+ 20. Rxe1 Rb8 21. Re7 h5 22. Ne5 Rxb2 23. g3 Bd2 24. Ne2 Rxa2 25. Re8+ Kh7 26. Nxf7 Rxc2 27. Rh8+ Kg6 28. Ne5+ Kf6 29. Nf4 a5 30. Nxh5+ Ke7 31. Nxg7 Kf6 32. Nh5+ Ke7 33. Rh7+ Kd8 34. f4 c5 35. f5 cxd4 36. f6 Rc1+ 37. Kg2 Bb4 38. Rh8+ 1-0

[Event "Vall del Tenes op 2nd"]
[Site "Vall del Tenes"]
[Date "2013.05.10"]
[Round "5"]
[White "Climent Piguillem, Sixte"]
[Black "Perez Ronquillo, Santi"]
[Result "1-0"]
[WhiteElo "1700"]
[BlackElo "1700"]
[PlyCount "65"]
[EventDate "2013.04.05"]
[EventType "swiss"]
[EventRounds "8"]
[EventCountry "ESP"]
[SourceTitle "EXT 2014"]
[Source "ChessBase"]
[SourceDate "2013.11.20"]
[SourceVersion "1"]
[SourceVersionDate "2013.11.20"]
[SourceQuality "1"]

1. f4 e6 2. Nf3 d5 3. e3 Nf6 4. b3 Nc6 5. Bb2 Bd7 6. Be2 Bd6 7. 0-0 Bc5 8. Qe1 Ne4 9. a3 f6 10. b4 Bb6 11. c4 a6 12. c5 Ba7 13. d3 Nxc5 14. bxc5 Bxc5 15. d4 Bb6 16. Nbd2 Qe7 17. Nb3 0-0-0 18. Rc1 Rhg8 19. Nc5 Be8 20. Qd1 g5 21. Bc3 Nb8 22. fxg5 fxg5 23. Ne5 Bxc5 24. dxc5 Qxc5 25. Bd4 Qxa3 26. Bg4 Bb5 27. Rf7 Rde8 28. Rcxc7+ Kd8 29. Rxb7 Nc6 30. Nxc6+ Bxc6 31. Bb6+ Kc8 32. Rfc7+ Kd8 33. Rb8# 1-0

[Event "Vall del Tenes op 2nd"]
[Site "Vall del Tenes"]
[Date "2013.04.19"]
[Round "3"]
[White "Yanguas Martinez, Hermogenes"]
[Black "Perez Ronquillo, Santi"]
[Result "1-0"]
[WhiteElo "1827"]
[BlackElo "1700"]
[PlyCount "67"]
[EventDate "2013.04.05"]
[EventType "swiss"]
[EventRounds "8"]
[EventCountry "ESP"]
[SourceTitle "EXT 2014"]
[Source "ChessBase"]
[SourceDate "2013.11.20"]
[SourceVersion "1"]
[SourceVersionDate "2013.11.20"]
[SourceQuality "1"]

1. d4 Nf6 2. c4 d5 3. Nc3 e6 4. Bg5 Bb4 5. e3 0-0 6. Nf3 Nc6 7. a3 Bxc3+ 8. bxc3 b6 9. Bd3 Bb7 10. cxd5 Qxd5 11. Bxf6 gxf6 12. Nd2 Ne7 13. Qg4+ Qg5 14. Qxg5+ fxg5 15. Be4 c6 16. h4 f6 17. hxg5 f5 18. Bd3 Rad8 19. Ke2 b5 20. Rh6 Rf7 21. c4 a6 22. f4 Ng6 23. Nf3 Kg7 24. c5 Re8 25. Rah1 Rh8 26. Bc2 Bc8 27. g3 a5 28. a4 b4 29. Bb3 Ba6+ 30. Kd2 Re7 31. Nh4 Bc8 32. Nxg6 hxg6 33. Rxh8 Re8 34. R1h7# 1-0